| 000 | 00527nam a2200193Ia 4500 | ||
|---|---|---|---|
| 005 | 20250326143318.0 | ||
| 008 | 250326s9999 xx 000 0 und d | ||
| 020 | _a81-902068-1-8 | ||
| 037 | _aTextbook | ||
| 040 |
_aFMSL _beng _cFMSL |
||
| 041 |
_aeng _2eng |
||
| 084 |
_aX:8y7 P4 _qFMSL |
||
| 100 | _aGupta S L | ||
| 245 | 0 |
_aCase studies in management _cGupta S L; Mittal A And Others |
|
| 260 |
_aDelhi _bDelhi, Wisdom _c2004 |
||
| 300 | _aviii,339 | ||
| 942 |
_cTB _hX:8y7 P4 |
||
| 999 |
_c1299025 _d1299025 |
||